000
00274nam a2200121Ia 4500
100
_a
Distefano/J.J
942
_c
BK
654
_a
feedback
245
_a
Problems of feedback and control system
260
_b
McGraw Hill
_a
New York
_c
1976
300
_a
371
546
_a
ENGLISH
999
_c
22518
_d
22518